Le Don Quichotte (Record no. 2811)

MARC details
000 -CABECERA
campo de control de longitud fija 01772nam a2200337 a 4500
001 - NÚMERO DE CONTROL
campo de control BRCA_3075
005 - FECHA Y HORA DE LA ÚLTIMA TRANSACCIÓN
campo de control 20190320204110.0
008 - DATOS DE LONGITUD FIJA--INFORMACIÓN GENERAL
campo de control de longitud fija 270109s1822----fr-a---###---#000-0#fre-u
041 ## - CÓDIGO DE LENGUA
Código de lengua del texto/banda sonora o título independiente fre
044 ## - CÓDIGO DEL PAÍS DE LA ENTIDAD EDITORA/PRODUCTORA
Código MARC del país fr
084 ## - OTRO NÚMERO DE CLASIFICACIÓN
Número de clasificación 382
Número de documento/Ítem .M47
-- 1822
100 1# - ENTRADA PRINCIPAL--NOMBRE DE PERSONA
Nombre de persona Cervantes Saavedra, Miguel de
Fechas asociadas al nombre 1547-1616
9 (RLIN) 213
245 10 - MENCIÓN DE TÍTULO
Título Le Don Quichotte
Mención de responsabilidad, etc. Miguel de Cervantes Saavedra ; Traduit de L´Espagnol par H. Bouchon Dubournial.
260 ## - PUBLICACIÓN, DISTRIBUCIÓN, ETC.
Lugar de publicación, distribución, etc. París
Nombre del editor, distribuidor, etc. Méquignon-Marvis
Fecha de publicación, distribución, etc. 1822
300 ## - DESCRIPCIÓN FÍSICA
Extensión 4 v.
Otras características físicas il.
Dimensiones 22 cm.
500 ## - NOTA GENERAL
Nota general Contenido : v 1. Primera parte. Aviso del editor. Prefacio del traductor. Prólogo del autor. Notas. Texto. -- v 2. Notas. Texto. -- v 3. Segunda parte. Notas. Texto. -- v 4. Notas. Intinerario de D. Quijote por Bory de St. Vincent. Mapa. texto
500 ## - NOTA GENERAL
Nota general Edición : Nouvelle Edition Revuee, Corrigeé, Ornée de 12 Gravures et de la Carte du Voyage
500 ## - NOTA GENERAL
Nota general Puede decirse que esta bellísima edición, salvo la portada, es una copia exacta de la del mismo editor citada bajo el número LO-381. Está primorosamente impresa con tipos hermosos y claros, sobre excelente papel, y va adornada con bellas láminas dibujadas por H. Vernet y E. Lamie Lúdovik Osterc
500 ## - NOTA GENERAL
Nota general QM303
546 ## - NOTA DE LENGUA/LENGUAJE
Nota de lengua/lenguaje Texto en : francés
650 14 - PUNTO DE ACCESO ADICIONAL DE MATERIA--TÉRMINO DE MATERIA
Término de materia o nombre geográfico como elemento de entrada Novela española
Subdivisión cronológica Época clásica, 1500-1700
9 (RLIN) 215
650 14 - PUNTO DE ACCESO ADICIONAL DE MATERIA--TÉRMINO DE MATERIA
Término de materia o nombre geográfico como elemento de entrada Literatura española
Subdivisión cronológica Época clásica, 1500-1700
9 (RLIN) 216
650 14 - PUNTO DE ACCESO ADICIONAL DE MATERIA--TÉRMINO DE MATERIA
Término de materia o nombre geográfico como elemento de entrada Novela española
Subdivisión cronológica Siglo XVII
9 (RLIN) 217
650 14 - PUNTO DE ACCESO ADICIONAL DE MATERIA--TÉRMINO DE MATERIA
Término de materia o nombre geográfico como elemento de entrada Don Quijote (Personaje ficticio)
Término indicativo de función/relación Novela
9 (RLIN) 218
700 1# - PUNTO DE ACCESO ADICIONAL--NOMBRE DE PERSONA
Nombre de persona Bouchon Dubournial, Henri
Fechas asociadas al nombre 1749-1828
Término indicativo de función/relación Traductor
9 (RLIN) 8403
700 1# - PUNTO DE ACCESO ADICIONAL--NOMBRE DE PERSONA
Nombre de persona Vernet, Emile Jean Horace
Fechas asociadas al nombre 1789-1863
Término indicativo de función/relación Ilustrador
9 (RLIN) 8404
700 1# - PUNTO DE ACCESO ADICIONAL--NOMBRE DE PERSONA
Nombre de persona Lamie, E.
Término indicativo de función/relación Ilustrador
9 (RLIN) 8405
740 0# - PUNTO DE ACCESO ADICIONAL--TÍTULO RELACIONADO O ANALÍTICO NO CONTROLADO
Título relacionado o analítico no controlado El Ingenioso Hidalgo Don Quijote de la Mancha
902 ## - CATALOGADOR
Iniciales QFM
942 ## - ELEMENTOS DE PUNTO DE ACCESO ADICIONAL (KOHA)
Fuente del sistema de clasificación o colocación Library of Congress Classification
Tipo de ítem Koha Libros
Holdings
Estado de retiro Estado de pérdida Estado dañado No para préstamo Localización permanente Ubicación/localización actual Fecha de adquisición Número de inventario Total de préstamos Signatura topográfica completa Código de barras Fecha visto por última vez Precio válido a partir de Tipo de ítem Koha
El ejemplar forma parte de la colección y puede ser consultado según las políticas vigentes.       Biblioteca del Museo Franz Mayer (Rogerio Casas-Alatriste) Biblioteca del Museo Franz Mayer (Rogerio Casas-Alatriste) 27/01/2009 QM303   382 .M47 1822 (QM303) 3072 22/03/2019 22/03/2019 Libros